01938 2200445 4500001002100000005001500021035002000036008004100056020001800097041000800115082001200123084001800135100001700153245005700170260003600227300003600263504001500299520064800314650005000962990002401012990002401036990002401060990002401084990002401108990002401132990002401156990002401180990002401204990002401228990002401252990002401276990002401300990002401324990002401348990002401372990002401396990002401420990002401444990002401468INLIS00000000000826420221103093950 a0010-0520008264221103 | | ind  a9789797692506 aind a346.044 a346.044 IDA p0 aIda Nurlinda1 aPrinsip-Prinsip Pembaruan Agraria : Perspektif Hukum aJakarta :bRajawali Pers,c2009 aviii, 301 p. ; 21 cm. ;c21 cm. ap. 279-299 aBuku ini merupakan presentasi thesis pengarang untuk mencapai gelar doktor di Universitas Gadjah Mada, Yogyakarta, (2008) dibawah judul Penerapan Prinsip-Prinsip Pembaruan Agraria Menurut Ketetapan MPR no. IX/MPR/2001 tentang Pembaruan Agraria dan Pengelolaan Sumber Daya Alam dalam Kebijakan Pertanahan Nasional. Lahirnya Prinsip-Prinsip Pembaruan Agraria dan Pengelolaan Sumber Daya Alam, sebagai suatu asas dalam melakukan pembaruan agraria, diharapkan dapat memperbaiki ketimpangan struktur penguasaan, pemilikan, penggunaan dan pemanfaatan sumber daya agraria serta dapat mencegah timbulnya berbagai konflik berkenaan dengan hal tersebut. 4aLand reform - Law and legislation - Indonesia a17900/MKRI-P/X-2010 a17898/MKRI-P/X-2010 a17897/MKRI-P/X-2010 a17899/MKRI-P/X-2010 a17897/MKRI-P/X-2010 a17900/MKRI-P/X-2010 a17898/MKRI-P/X-2010 a17899/MKRI-P/X-2010 a17898/MKRI-P/X-2010 a17900/MKRI-P/X-2010 a17897/MKRI-P/X-2010 a17899/MKRI-P/X-2010 a17899/MKRI-P/X-2010 a17900/MKRI-P/X-2010 a17898/MKRI-P/X-2010 a17897/MKRI-P/X-2010 a17900/MKRI-P/X-2010 a17898/MKRI-P/X-2010 a17897/MKRI-P/X-2010 a17899/MKRI-P/X-2010